Statistics for Kylie Minogue ULTIMATE song list test (DIE HARD fans only...)

Click here to take the quiz!

General Stats

  • This quiz has been taken 235 times
    (131 since last reset)
  • The average score is 85 of 240

Answer Stats

Year Of ReleaseSong Title% Correct
2001SingleCan't Get You Out Of My Head
87%
1998SingleI Should Be So Lucky
87%
1988SingleLocomotion
84%
2000SingleSpinning Around
84%
1994SingleConfide In Me
79%
2010SingleAll The Lovers
76%
2001SingleIn Your Eyes
76%
2000SingleOn A Night Like This
76%
2003SingleChocolate
75%
2000SingleKids
75%
2003SingleSlow
75%
2007Single2 Hearts
73%
1990SingleBetter The Devil You Know
73%
2001SingleLove At First Sight
73%
1988Album TrackLove At First Sight (Original)
73%
2000SingleYour Disco Needs You
73%
1989SingleEspecially For You
72%
2010Album TrackAphrodite
70%
2001SingleCome Into My World
70%
2001Album TrackFever
70%
1989SingleHand On Your Heart
70%
2004SingleI Believe In You
69%
2003SingleRed Blooded Woman
69%
2010SingleGet Outta My Way
67%
1988SingleGot To Be Certain
67%
1990SingleShocked
67%
1990SingleStep Back In Time
64%
1992SingleCelebration
63%
2007Album TrackThe One
63%
1995SingleWhere The Wild Roses Grow
63%
2007SingleWow
63%
2014SingleInto The Blue
61%
2000Album TrackLight Years
61%
1989SingleNever Too Late
61%
2000SinglePlease Stay
61%
2010SingleBetter Than Today
60%
2010Album TrackCloser
60%
1992B-sideCloser (Original)
60%
1997SingleCowboy Style
60%
1997B-sideTears
60%
1997SingleBreathe
58%
2014SingleI Was Gonna Cancel
58%
2000Album TrackButterfly
57%
1997SingleDid It Again
57%
2007SingleIn My Arms
57%
2010SinglePut Your Hands Up (If You're Feeling Love)
57%
2001Album TrackBurning Up
55%
2014Album TrackKiss Me Once
55%
1994SinglePut Yourself In My Place
55%
1990SingleWhat Do I Have To Do?
55%
1989SingleTears On My Pillow
54%
2014Album TrackBeautiful
52%
2014Album TrackFine
52%
1991SingleGive Me Just A Little More Time
52%
2005SingleGiving You Up
52%
2007SingleAll I See
51%
1989Album TrackEnjoy Yourself
49%
2013SingleFlower
49%
2000Album TrackLoveboat
49%
1991SingleFiner Feelings
48%
2000Album TrackMore More MOre
48%
2014Album TrackSexercize
48%
2003Album TrackAfter Dark
46%
2001B-sideBoy
46%
1997Album TrackDrunk
46%
1988SingleJe Ne Sais Pas Pourquoi
46%
2007Album TrackSpeakerphone
46%
1989SingleWouldn't Change A Thing
46%
2001Album TrackDancefloor
45%
1988SingleIt's No Secret
45%
1997SingleSome Kind Of Bliss
45%
2012SingleTimebomb
45%
1988SingleTurn It Into Love
45%
2001Album TrackFragile
43%
2014Album TrackLes Sex
43%
2010Album TrackLooking For An Angel
43%
2010Album TrackCan't Beat The Feeling
42%
2000Album TrackDisco Down
42%
2010Album TrackEverything Is Beautiful
42%
2010Album TrackIllusion
42%
2014Album TrackSexy Love
42%
2010Album TrackCupid Boy
40%
1997Album TrackDreams
40%
1998Non-AlbumGBI
40%
2014Album TrackMillion Miles
40%
2007Album TrackHeart Beat Rock
39%
2001Album TrackLove Affair
39%
2007Album TrackStars
39%
2007Album TrackCosmic
37%
1997Album TrackI Don't Need Anyone
37%
1991Album TrackLet's Get To It
37%
2007Album TrackLike A Drug
37%
1997Album TrackToo Far
37%
1994SingleWhere Is The Feeling?
37%
1991SingleIf You Were With Me Now
36%
1991Album TrackRight Here, Right Now
36%
1991SingleWord Is Out
36%
2001Album TrackYour Love
36%
2002B-sideBaby
34%
2007Non-AlbumWhite Diamond
34%
1994Album TrackDangerous Game
33%
2014Album TrackFeels So Good
33%
1997Album TrackLimbo
33%
2010Bonus TrackMighty Rivers
33%
2014Album TrackMr President
33%
2007Album TrackNo More Rain
33%
1990Album TrackRhythm Of Love
33%
1994Album TrackSurrender
33%
2010Album TrackToo Much
33%
2004B-sideB.P.M.
31%
2007B-sideCherry Bomb
31%
1992B-sideDo You Dare?
31%
2001Album TrackGive It To Me
31%
1997Album TrackJump
31%
1988Album TrackLook My Way
31%
2003Album TrackObsession
31%
2000B-sideSanta Baby
31%
2013Digital DownloadSkirt
31%
2001B-sideTightrope
31%
1994Album TrackAutomatic Love
30%
2000Album TrackBittersweet Goodbye
30%
1998Non-AlbumDancing Queen
30%
2010Non-AlbumHigher
30%
1988Album TrackI Miss You
30%
2007Album TrackNu-di-ty
30%
2000Bonus TrackPhysical
30%
2003Album TrackPromises
30%
2003Bonus TrackCruise Control
28%
2003AlbumI Feel For You
28%
2014Album TrackIf Only
28%
1999Non-AlbumIn Denial
28%
2000Album TrackKoocachoo
28%
2000Bonus TrackPassword
28%
2000Album TrackSo Now Goodbye
28%
2003Album TrackStill Standing
28%
1988B-sideAll I Wanna Do Is Make You Mine
27%
2009Non-AlbumBoombox
27%
1997Album TrackFalling
27%
1994Album TrackIf I Was Your Lover
27%
1989Album TrackI'm Over Dreaming (Over You)
27%
1991Album TrackLive And Learn
27%
2003Album TrackLoving Days
27%
1990Album TrackOne Boy Girl
27%
2005Non-AlbumOver The Rainbow
27%
2000B-sidePaper Dolls
27%
1990Album TrackSecrets
27%
2014Album TrackSleeping With The Enemy
27%
1989Album TrackTell Tale Signs
27%
1994Album TrackTime Will Pass You By
27%
2000Album TrackUnder The Influence Of Love
27%
1990Album TrackAlways Find The Time
25%
2001B-sideCan't Get Blue Monday Out Of My Head
25%
1991B-sideI Guess I Like It Like That
25%
1988Album TrackI'll Still Be Loving You
25%
2000Album TrackI'm So High
25%
1988B-sideMade In Heaven
25%
2003Album TrackSecret (Take You Home)
25%
2007Album TrackSensitized
25%
2003B-sideCity Games
24%
2014Bonus TrackSparks
24%
1994Album TrackWhere Has The Love Gone?
24%
1992Album TrackWhere In The World?
24%
2007B-sideDo It Again
22%
2010B-sideGo Hard Or Go Home
22%
1989Album TrackHeaven And Earth
22%
2008Digital DownloadLhuna
22%
2007Bonus TrackMagnetic Electric
22%
1989Album TrackNothing To Lose
22%
2003Album TrackSomeday
22%
2003B-sideSweet Music
22%
1990Album TrackThings Can Only Get Better
22%
2001B-sideGood Like That
21%
1989B-sideJust Wanna Love You
21%
1992Non-AlbumKeep On Pumpin' It
21%
2005B-sideMade Of Glass
21%
1999Non-AlbumThe Reflex
21%
1990Album TrackThe World Still Turns
21%
1992SingleWhat Kind Of Fool? (Heard All That Before)
21%
2002Non-AlbumWhenever You Feel Like It
21%
1990Album TrackCount The Days
19%
1994B-sideIf You Don't Love Me
19%
2007B-sideKing Or Queen
19%
1989Album TrackMy Secret Heart
19%
1991Album TrackNo World With out You
19%
2000B-sideOcean Blue
19%
1997Album TrackSay Hey
19%
2004Non-AlbumSometime Samurai
19%
2000Non-AlbumThis Girl
19%
1991Album TrackToo Much Of A Good Thing
19%
2000Non-AlbumDifficult By Design
18%
1988B-sideGetting Closer
18%
2013Non-AlbumLimpido
18%
1994B-sideNothing Can Stop Us
18%
1997Album TrackThrough The Years
18%
2003Album TrackYou Make Me Feel
18%
2004B-sideAlmost A Lover
16%
2007B-sideCarried Away
16%
1994Album TrackLove Takes Over Me
16%
1991Album TrackLove Train
16%
2001B-sideRendezvous At Sunset
16%
2003Bonus TrackSlow Motion
16%
2000B-sideCover Me With Kisses
15%
1989Non-AlbumDo They Know It's Christmas?
15%
2014Non-AlbumGolden Boy
15%
2000B-sideGood Life
15%
2001B-sideHarmony
15%
2007Non-AlbumLove Is The Drug
15%
1994Album TrackLove Is Waiting
15%
2003B-sideSoul On Fire
15%
2000Non-AlbumTake Me With You
15%
2013Digital DownloadWhistle
15%
2009Non-AlbumChiggy Wiggy
13%
1998Non-AlbumFree
13%
1987B-sideGlad To Be Alive
13%
2007B-sideI Don't Know What It Is
13%
2007Bonus TrackRippin' Up The Disco
13%
1991B-sideSay The Word - I'll Be There
13%
1989B-sideWe Know The Meaning Of Love
13%
1996Non-AlbumDeath Is Not The End
12%
2010Non-AlbumDevotion
12%
2010Non-AlbumEverybody Hurts
12%
1998Non-AlbumI Am The One For You
12%
2010Digital SingleLet It Snow
12%
2002B-sideNever Spoken
12%
2011Digital DownloadSilence
12%
2001Non-AlbumBury Me Deep In Love
10%
2000Non-AlbumGotta Move On
10%
2010B-sideLos Amores
10%
1998Non-AlbumShould I Stay Or Should I Go?
10%
2000Non-AlbumStay This Way
10%
2000Non-AlbumThe Real Thing
10%
2001Non-AlbumG House Project
9%
2009Non-AlbumMonkey Man
9%
2008Non-AlbumThe Winner Takes It All
9%
2007Non-AlbumI Talk Too Much
7%
2002Non-AlbumThe Crying Game
7%
2011Non-AlbumWe Are One
7%
2006Non-AlbumThe Magic Roundabout
4%
2010Bonus TrackHeadstrings
0%
2011Non-AlbumThere Must Be An Angel (Playing Witth My Heart)
0%

Score Distribution

Percentile by Number Answered

Percent of People with Each Score

Your Score History

You have not taken this quiz since the last reset